000 00451nam a22001457a 4500
005 20250118095309.0
008 250118b |||||||| |||| 00| 0 eng d
020 _a9780766809789
050 _aR123 HEL
100 _aHeller, Michelle E.
245 _aDelmar's Medical Terminology Video Series/
_bstudy guide to accompany
_cMichelle E. Heller
260 _aAfrica
_bDelmar Thomson Learning
_c2000
300 _avi.154p.
_bill.
_c27.5cm
942 _2lcc
_cBK
_n0
999 _c2646
_d2646